=LDR 00000nam 2200000 4500 =001 INLIS000000000018205 =005 20130612113405 =008 ***********************************Ind** =035 ##$$0010-061300000018205 =041 ##$$a Ind =082 ##$$a 635.642 =090 ##$$a 635.642, Ris t =100 ##$$a Rismunandar =245 ##$$a Tanaman tomat, Rismunandar =260 ##$$a 1995 $b Bandung =300 ##$$a x, 60 hlm, ilus, 21 cm =650 ##$$a Tomat-Tanaman =850 ##$$a NBPNMAT =990 ##$$a 0001/BPAP-NTB/20142015